Score 0/15 Timer 01:00
0 Plays Today
% Correct
Murder
96.2%
North
95.4%
Train
95%
Window
94.4%
Man
94%
Thief
93%
Shadow
92%
Steps
91.6%
% Correct
Foreign
89.8%
Fright
87.6%
Curtain
87.2%
Harry
86.4%
Wrong
80.2%
Lady
79.8%
Plot
73.8%

Today's Daily Dose

Missing Word
Marvin Gaye Songs

Quick Pick
Movies of 2019

Get the Picture
Chinese Cities

You're not logged in!

Compare scores with friends on all Sporcle quizzes.
OR
Log In

Sporcle TV

Today on Sporcle TV


Watch our educational content, quiz creation guides, and fun videos on Sporcle TV.

Show Comments

Extras

Top Quizzes Today


Score Distribution

Your Account Isn't Verified!

In order to create a playlist on Sporcle, you need to verify the email address you used during registration. Go to your Sporcle Settings to finish the process.

Report this User

Report this user for behavior that violates our Community Guidelines.

Details: